| 000 | 01226nam0a22002771 4500 | ||
|---|---|---|---|
| 001 | v19\rc\1815865 | ||
| 005 | 20250619131544.0 | ||
| 035 | _a(NLR Aleph) 004914718 | ||
| 090 |
_a5514483 _c5514483 |
||
| 100 | _a20071224d1907 |||y0rusy50 ca | ||
| 101 | 1 |
_arus _cfre |
|
| 102 | _aRU | ||
| 105 | _aa z ||||| | ||
| 200 | 1 |
_aЭлектричество для всех и каждого удобопонятно изложенное _eТоки постоян., токи меняющиеся, токи перем., простые и многофаз. Радий и новые радиации _f[Соч.] Жоржа Клода, б. воспитанника Шк. химии и физики в Париже _gПер. с фр. Н.Н. Мазуренко |
|
| 210 |
_aСанкт-Петербург _cВ.И. Губинский _d1907 |
||
| 215 |
_a421, VIII с. _cил. _d22 |
||
| 300 | _aДата на корешке | ||
| 700 | 1 |
_aКлод _bЖ. _f1870- _gЖорж |
|
| 702 | 1 |
_aМазуренко _bН.Н. _gНиколай Николаевич _4730 |
|
| 801 | 0 |
_aRU _bNLR _gpsbo |
|
| 801 | 0 |
_aRU _bRuMoRGB _2psbo |
|
| 801 | 1 |
_aRU _bProSoft-M _2rusmarc |
|
| 852 |
_aNLR _j38.20.5.46 |
||
| 899 |
_aRuMoRGB _jU 73/666 |
||
| 942 | _cBOOK | ||
| 980 | _aNB | ||